000 00281nam a2200133Ia 4500
100 _aRiggs/James
942 _cBK
654 _aProduction
245 _aProduction Systems
260 _bJohn Wiley & Sons
_aNew York
_c1976
082 _a658.5
300 _a677
546 _aENGLISH
999 _c22020
_d22020